[Event "Joytu Sheikh Hasina Online op"]
[Site "Chess.com INT"]
[Date "2020.09.26"]
[Round "7"]
[White "Sakline Mostafa, Sajid"]
[Black "Mohammad, Sagar"]
[Result "0-1"]
[WhiteElo "1362"]
[BlackElo "2005"]
[PlyCount "90"]
[EventDate "2020.09.24"]
[EventType "swiss"]
[EventRounds "9"]
[EventCountry "BAN"]
[SourceTitle "EXT 2022"]
[Source "ChessBase"]
[SourceDate "2021.10.06"]
[SourceVersion "1"]
[SourceVersionDate "2021.10.06"]
[SourceQuality "1"]

1. e4 c5 2. Nf3 e6 3. d4 cxd4 4. Nxd4 a6 5. Bd3 b5 6. a3 Bb7 7. Nc3 Nf6 8. 0-0 d6 9. Be3 Be7 10. f4 Nbd7 11. Qd2 0-0 12. Rad1 Ng4 13. h3 Nxe3 14. Qxe3 Nf6 15. Kh1 Qc7 16. Nde2 Rac8 17. f5 e5 18. Ng3 d5 19. exd5 Nxd5 20. Nxd5 Bxd5 21. Ne4 f6 22. Rf3 Bc5 23. Qe2 Rcd8 24. Rdf1 Bd4 25. b3 Bc5 26. Rg3 Bxa3 27. Ra1 Qe7 28. Qg4 Bxe4 29. Bxe4 b4 30. Re1 Rd4 31. Qh5 Qf7 32. Rg6 Rfd8 33. Bd3 hxg6 34. fxg6 Qd5 35. Bc4 Rxc4 36. bxc4 Qxc4 37. Qh7+ Kf8 38. h4 Rd4 39. g3 Qd5+ 40. Kh2 Rd2+ 41. Kh3 Rxc2 42. Rd1 Qg2+ 43. Kg4 Qe4+ 44. Kh3 Qf5+ 45. g4 Qf3# 0-1

[Event "Dhaka Saarc op"]
[Site "Dhaka"]
[Date "2019.11.30"]
[Round "6"]
[White "Mohammad, Minhaz Uddin"]
[Black "Mohammad, Sagar"]
[Result "0-1"]
[WhiteElo "2322"]
[BlackElo "1957"]
[PlyCount "51"]
[EventDate "2019.11.25"]
[EventType "swiss"]
[EventRounds "9"]
[EventCountry "BAN"]
[SourceTitle "CBM 193 Extra"]
[Source "ChessBase"]
[SourceDate "2020.01.31"]
[SourceVersion "1"]
[SourceVersionDate "2020.01.31"]
[SourceQuality "1"]

1. e4 c5 2. Nf3 e6 3. d4 cxd4 4. Nxd4 a6 5. Nc3 Qc7 6. Be2 b5 7. a3 Nf6 8. f4 Bb7 9. Bf3 b4 10. axb4 Bxb4 11. Qd3 d5 12. e5 Ne4 13. Bxe4 dxe4 14. Qg3 g6 15. 0-0 Bc5 16. Be3 Nc6 17. Nb3 Bxe3+ 18. Qxe3 Nb4 19. Qc5 Qe7 20. Qxe7+ Kxe7 21. Nc5 Bd5 22. Nxd5+ exd5 23. c3 Nc2 24. Rxa6 Rxa6 25. Nxa6 e3 26. Nb4 0-1

[Event "Dhaka Saarc op"]
[Site "Dhaka"]
[Date "2019.11.29"]
[Round "5"]
[White "Mohammad, Sagar"]
[Black "Subrota, Biswas"]
[Result "0-1"]
[WhiteElo "1957"]
[BlackElo "2134"]
[PlyCount "76"]
[EventDate "2019.11.25"]
[EventType "swiss"]
[EventRounds "9"]
[EventCountry "BAN"]
[SourceTitle "CBM 193 Extra"]
[Source "ChessBase"]
[SourceDate "2020.01.31"]
[SourceVersion "1"]
[SourceVersionDate "2020.01.31"]
[SourceQuality "1"]

1. e4 e5 2. Nf3 Nc6 3. Bc4 Nf6 4. d3 Be7 5. c3 0-0 6. 0-0 d6 7. Bg5 Nd7 8. Be3 Na5 9. Nbd2 Nb6 10. Bb3 Nxb3 11. axb3 f5 12. exf5 Bxf5 13. Qe2 Nd5 14. d4 e4 15. Ne1 Qe8 16. c4 Nb4 17. f4 Qg6 18. Qf2 a5 19. d5 c5 20. Nb1 Qh5 21. Nc3 Rf6 22. Qe2 Bg4 23. Qd2 Rh6 24. g3 Qf5 25. Na2 Re8 26. Nxb4 axb4 27. Rf2 Bf6 28. Ra7 Re7 29. Ra8+ Kf7 30. Qc2 Rd7 31. Ng2 Qh5 32. Ne1 Bd1 33. Qxe4 Re7 34. Qd3 Bd4 35. g4 Qxg4+ 36. Rg2 Rxe3 37. Rxg4 Rxe1+ 38. Kg2 Rg1# 0-1

[Event "Dhaka Saarc op"]
[Site "Dhaka"]
[Date "2019.11.27"]
[Round "3"]
[White "Mohammad, Sagar"]
[Black "Mehdi, Hasan Parag"]
[Result "1/2-1/2"]
[WhiteElo "1957"]
[BlackElo "2162"]
[PlyCount "102"]
[EventDate "2019.11.25"]
[EventType "swiss"]
[EventRounds "9"]
[EventCountry "BAN"]
[SourceTitle "CBM 193 Extra"]
[Source "ChessBase"]
[SourceDate "2020.01.31"]
[SourceVersion "1"]
[SourceVersionDate "2020.01.31"]
[SourceQuality "1"]

1. e4 c5 2. Nf3 Nc6 3. d4 cxd4 4. Nxd4 Nf6 5. Nc3 e5 6. Nxc6 bxc6 7. Bd3 Be7 8. 0-0 0-0 9. Kh1 d6 10. f4 Rb8 11. Rb1 Qb6 12. Qf3 Nd7 13. f5 Qd8 14. b3 Bb7 15. Ne2 d5 16. Ng3 Nf6 17. Bb2 Bd6 18. Rbe1 Re8 19. Bc1 h6 20. Nh5 Bf8 21. Bb2 Nxe4 22. Bxe4 dxe4 23. Qxe4 c5 24. Qg4 Qg5 25. Qxg5 hxg5 26. Bxe5 Rbd8 27. Bc3 f6 28. Ng3 Bd6 29. Ba5 Rc8 30. Rxe8+ Rxe8 31. Re1 Kf7 32. Rxe8 Kxe8 33. Kg1 Bxg3 34. hxg3 Be4 35. Bd2 Kd7 36. Be3 Kc6 37. c3 Bxf5 38. b4 cxb4 39. cxb4 a6 40. Bc5 Be6 41. Bf8 Bxa2 42. Bxg7 f5 43. Bf6 g4 44. Kf2 Bd5 45. Be7 Be4 46. Bf8 Kd5 47. Be7 Kc4 48. Bd6 Kd5 49. Bf8 Kc4 50. Be7 Kd5 51. Bf8 Ke5 1/2-1/2

[Event "BAN-chB 44th"]
[Site "Dhaka"]
[Date "2018.11.15"]
[Round "3"]
[White "Mohammad, Sagar"]
[Black "Anata, Choudhury"]
[Result "1/2-1/2"]
[WhiteElo "1974"]
[BlackElo "2141"]
[PlyCount "143"]
[EventDate "2018.11.13"]
[EventType "swiss"]
[EventRounds "9"]
[EventCountry "BAN"]
[SourceTitle "CBM 187 Extra"]
[Source "ChessBase"]
[SourceDate "2018.11.04"]
[SourceVersion "1"]
[SourceVersionDate "2018.11.04"]
[SourceQuality "1"]

1. e4 c5 2. Nf3 d6 3. d4 cxd4 4. Nxd4 Nf6 5. Nc3 a6 6. Be3 e5 7. Nb3 Be6 8. Be2 Be7 9. 0-0 0-0 10. f4 exf4 11. Bxf4 Nc6 12. Kh1 d5 13. exd5 Nxd5 14. Nxd5 Qxd5 15. Bf3 Qc4 16. Bxc6 bxc6 17. Bc7 Rac8 18. Ba5 c5 19. Bc3 Rfd8 20. Qe1 Rd5 21. Nd2 Qh4 22. Qxh4 Bxh4 23. Nc4 Rdd8 24. Ne3 Be7 25. Nf5 Bf8 26. h3 Rd5 27. Ng3 Be7 28. Rae1 Bh4 29. Re3 Rcd8 30. Kh2 Be7 31. Ne4 Rd1 32. Rxd1 Rxd1 33. a3 Kf8 34. g4 Bd5 35. Kg3 Rc1 36. Be5 Rxc2 37. Bd6 Bxe4 38. Bxe7+ Kxe7 39. Rxe4+ Kd7 40. b4 Rc3+ 41. Kg2 Rxa3 42. bxc5 Rc3 43. Ra4 Rxc5 44. Rxa6 Rc6 45. Ra8 Ke6 46. Re8+ Kf6 47. Re3 Rc5 48. Kg3 h5 49. Ra3 Kg5 50. h4+ Kg6 51. g5 Rc4 52. Kh3 f6 53. gxf6 gxf6 54. Rg3+ Kf5 55. Rf3+ Ke5 56. Re3+ Re4 57. Ra3 Kf4 58. Ra8 f5 59. Rg8 Kf3 60. Rg5 f4 61. Rxh5 Ke2 62. Rf5 f3 63. Kg3 Re3 64. h5 Re8 65. h6 Rg8+ 66. Kh4 f2 67. Kh5 f1Q 68. Rxf1 Kxf1 69. h7 Rg1 70. Kh6 Rh1+ 71. Kg7 Rxh7+ 72. Kxh7 1/2-1/2

[Event "BAN-chB 44th"]
[Site "Dhaka"]
[Date "2018.11.15"]
[Round "4"]
[White "Subrota, Biswas"]
[Black "Mohammad, Sagar"]
[Result "1-0"]
[WhiteElo "2126"]
[BlackElo "1974"]
[PlyCount "65"]
[EventDate "2018.11.13"]
[EventType "swiss"]
[EventRounds "9"]
[EventCountry "BAN"]
[SourceTitle "CBM 187 Extra"]
[Source "ChessBase"]
[SourceDate "2018.11.04"]
[SourceVersion "1"]
[SourceVersionDate "2018.11.04"]
[SourceQuality "1"]

1. e4 c5 2. Nf3 e6 3. d4 cxd4 4. Nxd4 a6 5. Be2 Nf6 6. Nc3 Bb4 7. 0-0 Qc7 8. Qd3 Be7 9. f4 d6 10. Qg3 0-0 11. Be3 Nbd7 12. Rae1 b5 13. Bf3 Bb7 14. e5 Ne8 15. f5 Nxe5 16. Bxb7 Qxb7 17. fxe6 Bf6 18. Bh6 Ng6 19. Rxf6 Nxf6 20. e7 Rfe8 21. Nf5 Qd7 22. Nxg7 Rxe7 23. Rf1 Ne4 24. Nxe4 Rxe4 25. Nh5 Qa7+ 26. Kh1 Re6 27. Nf6+ Rxf6 28. Rxf6 Qd4 29. Rxd6 Qxb2 30. h4 Qxa2 31. Qc3 f6 32. Rxf6 Qc4 33. Rf8+ 1-0

[Event "Dhaka Walton op"]
[Site "Dhaka"]
[Date "2018.06.01"]
[Round "7"]
[White "Mohammad, Sagar"]
[Black "Mohammad Fahad, Rahman"]
[Result "1/2-1/2"]
[WhiteElo "2017"]
[BlackElo "2296"]
[PlyCount "133"]
[EventDate "2018.05.26"]
[EventType "swiss"]
[EventRounds "9"]
[EventCountry "BAN"]
[SourceTitle "CBM 184 Extra"]
[Source "ChessBase"]
[SourceDate "2018.06.28"]
[SourceVersion "1"]
[SourceVersionDate "2018.06.28"]
[SourceQuality "1"]

1. e4 e5 2. Nf3 Nc6 3. c3 Nf6 4. Qc2 d5 5. d3 h6 6. h3 Be6 7. Be2 a5 8. Be3 g5 9. a4 Be7 10. Na3 Bd6 11. Nb5 Ne7 12. Nh2 Ng6 13. Ng4 Nh4 14. Kf1 Nxg4 15. hxg4 Be7 16. g3 Ng6 17. Bf3 c6 18. exd5 cxd5 19. Kg2 Kf8 20. Qe2 Kg7 21. c4 Bf6 22. Rad1 Rc8 23. b3 Re8 24. Bc1 Qd7 25. Bb2 b6 26. Ba3 Be7 27. Bxe7 Rxe7 28. Nc3 d4 29. Nd5 Bxd5 30. Bxd5 Qd6 31. Rde1 Nf8 32. f4 gxf4 33. g5 Qg6 34. gxh6+ Kh8 35. Qf3 Nh7 36. Kf2 Ng5 37. Qh5 fxg3+ 38. Kg2 Rg8 39. Qxg6 Rxg6 40. Ref1 e4 41. dxe4 Nxe4 42. Bxf7 Rg5 43. Bd5 Nc3 44. Rf8+ Kh7 45. Bf3 Rd7 46. Bd5 Nxd5 47. cxd5 d3 48. Rf3 d2 49. Rxg3 Rxg3+ 50. Kxg3 Rxd5 51. Rd1 Kxh6 52. Kf4 Rd3 53. Ke5 Kg6 54. Ke4 Rxb3 55. Rxd2 Kf6 56. Kd5 Rb4 57. Kc6 Ke5 58. Rd5+ Ke4 59. Rd1 Ke3 60. Rd8 Ke4 61. Rd7 Ke5 62. Rd5+ Ke4 63. Rd8 Ke5 64. Rd7 Ke4 65. Rd8 Ke5 66. Rd7 Ke4 67. Rd8 1/2-1/2

[Event "BAN Marcel 1st Div"]
[Site "Dhaka"]
[Date "2018.01.05"]
[Round "7.4"]
[White "Abhishek, Sarkar"]
[Black "Mohammad, Sagar"]
[Result "1/2-1/2"]
[WhiteElo "2023"]
[BlackElo "2018"]
[PlyCount "57"]
[EventDate "2017.12.30"]
[EventType "team-tourn"]
[EventRounds "9"]
[EventCountry "BAN"]
[SourceTitle "CBM 182 Extra"]
[Source "ChessBase"]
[SourceDate "2018.02.23"]
[SourceVersion "1"]
[SourceVersionDate "2018.02.23"]
[SourceQuality "1"]
[WhiteTeam "Sonargaon CC"]
[BlackTeam "Hasan Memorial CC"]
[WhiteTeamCountry "BAN"]
[BlackTeamCountry "BAN"]

1. e4 c5 2. Nf3 e6 3. d4 cxd4 4. Nxd4 a6 5. Nc3 Qc7 6. a3 Nf6 7. Be3 b5 8. Bd3 Be7 9. f4 d6 10. Qf3 Bb7 11. 0-0 0-0 12. Qh3 Nbd7 13. Rae1 Nc5 14. Bf2 Nxd3 15. cxd3 Rac8 16. Rc1 Qd7 17. Qf3 Ne8 18. Qe2 Nc7 19. Nb3 d5 20. e5 Ne8 21. Bd4 g6 22. Na5 Ng7 23. g4 b4 24. axb4 Bxb4 25. Nxb7 Qxb7 26. Qg2 Qd7 27. Ne2 Qb5 28. Rxc8 Rxc8 29. Rc1 1/2-1/2

[Event "BAN Marcel 1st Div"]
[Site "Dhaka"]
[Date "2018.01.03"]
[Round "5.4"]
[White "Bappi, Ab"]
[Black "Mohammad, Sagar"]
[Result "0-1"]
[WhiteElo "1829"]
[BlackElo "2018"]
[PlyCount "184"]
[EventDate "2017.12.30"]
[EventType "team-tourn"]
[EventRounds "9"]
[EventCountry "BAN"]
[SourceTitle "CBM 182 Extra"]
[Source "ChessBase"]
[SourceDate "2018.02.23"]
[SourceVersion "1"]
[SourceVersionDate "2018.02.23"]
[SourceQuality "1"]
[WhiteTeam "Debdas Biswas Smirity Sangsad"]
[BlackTeam "Hasan Memorial CC"]
[WhiteTeamCountry "BAN"]
[BlackTeamCountry "BAN"]

1. Nf3 e6 2. d4 Nf6 3. h3 d5 4. Bf4 a6 5. c3 c5 6. e3 Nbd7 7. Nbd2 Be7 8. Be2 b5 9. 0-0 0-0 10. Re1 Bb7 11. Ne5 Nxe5 12. Bxe5 Nd7 13. Bh2 Nb6 14. Bd3 Nc4 15. Qc2 g6 16. Nf3 Rc8 17. Qe2 cxd4 18. exd4 Bd6 19. Ne5 Nxe5 20. Bxe5 Bxe5 21. Qxe5 Qe7 22. Qe2 b4 23. Bxa6 Bxa6 24. Qxa6 bxc3 25. bxc3 Rxc3 26. a4 Qf6 27. Rad1 Rc2 28. Re2 Rc4 29. Red2 Rb8 30. Qa7 Qd8 31. Rd3 Ra8 32. Qb7 Rcxa4 33. Rf3 R4a7 34. Qb4 Qc7 35. Qe1 Ra4 36. h4 h5 37. g3 Rc4 38. Kg2 Raa4 39. Rf4 Ra3 40. Ra1 Rxa1 41. Qxa1 Rc1 42. Qa8+ Qc8 43. Qa7 Rc7 44. Qa5 Rb7 45. Qa2 Kg7 46. Rf3 Qc1 47. Rb3 Qc4 48. Rb2 Qxa2 49. Rxa2 Rb4 50. Rd2 Rb3 51. Kf1 Kf6 52. Ke2 Kf5 53. f3 f6 54. Ra2 g5 55. hxg5 Kxg5 56. Ra8 Rb2+ 57. Ke3 Rb3+ 58. Ke2 Kg6 59. Re8 Kf7 60. Rh8 Rb2+ 61. Ke3 Kg6 62. Re8 Rb6 63. Rg8+ Kh7 64. Rd8 Kg7 65. Rd7+ Kg6 66. Rd8 Rb3+ 67. Ke2 Rb2+ 68. Ke3 Rg2 69. Re8 Kf7 70. Rh8 Rxg3 71. Rxh5 Rg2 72. Rh7+ Kg6 73. Rh8 Ra2 74. Rg8+ Kf5 75. Rg4 Ra3+ 76. Ke2 Ra4 77. Ke3 e5 78. Rh4 Rxd4 79. Rh8 Ra4 80. Ke2 d4 81. Kf2 Ra3 82. Rh4 Ra2+ 83. Ke1 Kg5 84. Rg4+ Kf5 85. Rh4 Ke6 86. Rh6 Kf7 87. Rh7+ Kg6 88. Rd7 Kg5 89. Rb7 Kf4 90. Rb6 f5 91. Rb5 Ra3 92. Ke2 Re3+ 0-1

[Event "BAN-chB 43rd"]
[Site "Dhaka"]
[Date "2017.11.15"]
[Round "9"]
[White "Abu, Hanif"]
[Black "Mohammad, Sagar"]
[Result "1/2-1/2"]
[WhiteElo "1856"]
[BlackElo "2024"]
[PlyCount "104"]
[EventDate "2017.11.07"]
[EventType "swiss"]
[EventRounds "11"]
[EventCountry "BAN"]
[SourceTitle "CBM 181 Extra"]
[Source "ChessBase"]
[SourceDate "2017.12.12"]
[SourceVersion "1"]
[SourceVersionDate "2017.12.12"]
[SourceQuality "1"]

1. e4 c5 2. Nf3 e6 3. d4 cxd4 4. Nxd4 a6 5. Nc3 Qc7 6. Bd3 Nf6 7. 0-0 Be7 8. Bg5 b5 9. a3 Bb7 10. Qe2 d6 11. Rfe1 Nbd7 12. Rad1 0-0 13. Bf4 Rfd8 14. Bg3 Qb6 15. Nf3 Rac8 16. e5 dxe5 17. Nxe5 Bxa3 18. Nxd7 Rxd7 19. bxa3 Rxc3 20. Be5 Qc6 21. f3 Rxa3 22. Qe3 b4 23. Qg5 Ne8 24. Qh4 Raxd3 25. Rxd3 f6 26. Rxd7 Qxd7 27. Bb2 a5 28. Qc4 Bd5 29. Qc5 a4 30. Qxb4 Nc7 31. Ba3 Kf7 32. Rd1 Qc6 33. Rc1 Bc4 34. Ra1 Nd5 35. Qc5 Qa6 36. h4 h5 37. Re1 Kg6 38. Re4 Ba2 39. g4 hxg4 40. fxg4 e5 41. h5+ Kh7 42. g5 fxg5 43. Rxe5 Nf4 44. Qe3 Be6 45. Kh2 Bf7 46. Rxg5 Nxh5 47. Qe4+ Kg8 48. Qg2 Qf6 49. Qa8+ Kh7 50. Qe4+ Kg8 51. Qa8+ Kh7 52. Qe4+ Kg8 1/2-1/2

[Event "BAN-chB 43rd"]
[Site "Dhaka"]
[Date "2017.11.12"]
[Round "6"]
[White "Mohammad, Sagar"]
[Black "Md, Sharif Hossain"]
[Result "1/2-1/2"]
[WhiteElo "2024"]
[BlackElo "2224"]
[PlyCount "83"]
[EventDate "2017.11.07"]
[EventType "swiss"]
[EventRounds "11"]
[EventCountry "BAN"]
[SourceTitle "CBM 181 Extra"]
[Source "ChessBase"]
[SourceDate "2017.12.12"]
[SourceVersion "1"]
[SourceVersionDate "2017.12.12"]
[SourceQuality "1"]

1. e4 c5 2. Nf3 d6 3. d4 cxd4 4. Nxd4 Nf6 5. Nc3 Nc6 6. Be2 g6 7. Be3 Bg7 8. Qd2 0-0 9. 0-0-0 Bd7 10. f3 Rb8 11. g4 Nxd4 12. Bxd4 b5 13. h4 b4 14. Nd5 Nxd5 15. Bxg7 Kxg7 16. exd5 h6 17. Qd4+ f6 18. Bd3 Bb5 19. h5 g5 20. Rhe1 Bxd3 21. Rxd3 Rb7 22. Rde3 Kf7 23. Qe4 Rg8 24. Qh7+ Rg7 25. Qxh6 Qg8 26. Re4 Rh7 27. Qg6+ Qxg6 28. hxg6+ Kxg6 29. Kd2 Kf7 30. Kd3 Rh3 31. R1e3 Rh2 32. Re2 Rh3 33. R2e3 Rh8 34. Re2 a5 35. c3 bxc3 36. bxc3 Rh3 37. R2e3 Ke8 38. Re6 Kd8 39. R6e4 Rh7 40. Re2 Rb5 41. Kc4 Rb8 42. Kd3 1/2-1/2

[Event "BAN-chB 43rd"]
[Site "Dhaka"]
[Date "2017.11.11"]
[Round "5"]
[White "Bappi, Ab"]
[Black "Mohammad, Sagar"]
[Result "0-1"]
[WhiteElo "1807"]
[BlackElo "2024"]
[PlyCount "102"]
[EventDate "2017.11.07"]
[EventType "swiss"]
[EventRounds "11"]
[EventCountry "BAN"]
[SourceTitle "CBM 181 Extra"]
[Source "ChessBase"]
[SourceDate "2017.12.12"]
[SourceVersion "1"]
[SourceVersionDate "2017.12.12"]
[SourceQuality "1"]

1. c4 Nf6 2. Nc3 e6 3. g3 d5 4. cxd5 Nxd5 5. Bg2 Be7 6. Nf3 0-0 7. 0-0 c5 8. a3 Nc6 9. e3 a6 10. d4 c4 11. e4 Nxc3 12. bxc3 Na5 13. Re1 b5 14. Be3 Nb3 15. Ra2 Bb7 16. Nd2 Nxd2 17. Bxd2 Qc7 18. a4 Rfd8 19. Qc2 Rac8 20. axb5 axb5 21. Rea1 b4 22. cxb4 Rxd4 23. Bc3 Rd3 24. Ra7 Qb6 25. Qb2 Bf8 26. h4 Rcd8 27. Kh2 h5 28. R7a5 Rxc3 29. Qxc3 Bxb4 30. Qe5 Bxa5 31. Rxa5 Rc8 32. Rb5 Qc6 33. Qxh5 f5 34. Rxb7 Qxb7 35. exf5 Qf7 36. Qe2 exf5 37. Qd1 Kh8 38. Bd5 Qg6 39. Bb7 Rb8 40. Bf3 c3 41. Qd3 Qf6 42. Bd1 Rd8 43. Qf3 Rd2 44. Qh5+ Kg8 45. Qe8+ Kh7 46. Bb3 g6 47. Bg8+ Kg7 48. Bb3 Rxf2+ 49. Kg1 Rd2 50. Kh1 c2 51. Bxc2 Qa1+ 0-1

[Event "BAN-chB 43rd"]
[Site "Dhaka"]
[Date "2017.11.09"]
[Round "3"]
[White "Mohammad Fahad, Rahman"]
[Black "Mohammad, Sagar"]
[Result "1-0"]
[WhiteElo "2218"]
[BlackElo "2024"]
[PlyCount "47"]
[EventDate "2017.11.07"]
[EventType "swiss"]
[EventRounds "11"]
[EventCountry "BAN"]
[SourceTitle "CBM 181 Extra"]
[Source "ChessBase"]
[SourceDate "2017.12.12"]
[SourceVersion "1"]
[SourceVersionDate "2017.12.12"]
[SourceQuality "1"]

1. e4 c5 2. Nf3 e6 3. d4 cxd4 4. Nxd4 Nf6 5. Nc3 a6 6. a3 d6 7. g4 Be7 8. g5 Nfd7 9. h4 b5 10. Be3 Bb7 11. Qd2 Nc6 12. Rh3 Qc7 13. h5 Nxd4 14. Bxd4 e5 15. Be3 f6 16. Nd5 Bxd5 17. Qxd5 Rc8 18. g6 Bf8 19. h6 Nb8 20. Qe6+ Kd8 21. gxh7 Rxh7 22. Qg8 g5 23. Qxf8+ Kd7 24. Qxf6 1-0

[Event "Dhaka Powertec op-A"]
[Site "Dhaka"]
[Date "2017.07.17"]
[Round "3"]
[White "Mohammad, Sagar"]
[Black "Ahmed, Shafiq"]
[Result "0-1"]
[WhiteElo "2031"]
[BlackElo "2166"]
[PlyCount "84"]
[EventDate "2017.07.15"]
[EventType "swiss"]
[EventRounds "9"]
[EventCountry "BAN"]
[SourceTitle "EXT 2018"]
[Source "ChessBase"]
[SourceDate "2017.10.13"]
[SourceVersion "1"]
[SourceVersionDate "2017.10.13"]
[SourceQuality "1"]

1. e4 e6 2. d4 d5 3. Nc3 Nf6 4. exd5 exd5 5. Nf3 Be7 6. Bd3 Bg4 7. h3 Bh5 8. Bg5 a6 9. Qe2 0-0 10. 0-0-0 c6 11. g4 Bg6 12. Ne5 Ne4 13. Bxe7 Nxc3 14. bxc3 Qxe7 15. f4 Bxd3 16. Qxd3 f6 17. Nf3 Nd7 18. c4 Qb4 19. cxd5 cxd5 20. Qb3 Qd6 21. f5 Nb6 22. Rhe1 Nc4 23. Nd2 Qf4 24. Qf3 Qxf3 25. Nxf3 Rfe8 26. c3 Rec8 27. Nd2 Nd6 28. Kb2 Rc6 29. Re7 Rac8 30. Rc1 Kf8 31. Rd7 Re8 32. a4 Re2 33. Rc2 Rb6+ 34. Ka1 Ne4 35. Nxe4 Rxc2 36. Nc5 Rxc3 37. Ka2 Rc2+ 38. Ka3 Rc3+ 39. Ka2 Rb4 40. a5 Rxd4 41. Nxb7 Rd2+ 42. Kb1 Rxh3 0-1

[Event "Dhaka Powertec op-A"]
[Site "Dhaka"]
[Date "2017.07.15"]
[Round "1"]
[White "Mohammad, Sagar"]
[Black "Uten"]
[Result "1-0"]
[WhiteElo "2031"]
[BlackElo "2160"]
[PlyCount "89"]
[EventDate "2017.07.15"]
[EventType "swiss"]
[EventRounds "9"]
[EventCountry "BAN"]
[SourceTitle "EXT 2018"]
[Source "ChessBase"]
[SourceDate "2017.10.13"]
[SourceVersion "1"]
[SourceVersionDate "2017.10.13"]
[SourceQuality "1"]

1. e4 c5 2. Nf3 d6 3. d4 cxd4 4. Nxd4 Nf6 5. Nc3 a6 6. Be3 e5 7. Nb3 Be6 8. Be2 Be7 9. 0-0 0-0 10. f4 exf4 11. Bxf4 Nc6 12. Kh1 b5 13. a3 Rc8 14. Qe1 Qb6 15. Qg3 Rfd8 16. Rad1 Bc4 17. Bh6 Ne8 18. Nd5 Bxd5 19. exd5 Ne5 20. Nd4 Kh8 21. Be3 Qb7 22. Nc6 Rxc6 23. dxc6 Qxc6 24. c3 Nc7 25. Bd4 Bf6 26. Bxe5 dxe5 27. Rxd8+ Bxd8 28. Rxf7 Ne6 29. Qxe5 Kg8 30. Rf1 Bf6 31. Qb8+ Kf7 32. Bh5+ g6 33. Bg4 Nc7 34. Qh8 Ne8 35. Qxh7+ Ng7 36. Qh4 Nf5 37. Qf2 Ne7 38. Qh4 Nf5 39. Qh3 Ng7 40. Qd3 Ne6 41. Bf3 Nf4 42. Qd2 Qc4 43. Qd7+ Kg8 44. Re1 Bg7 45. g3 1-0

[Event "Dhaka SGS op"]
[Site "Dhaka"]
[Date "2017.06.06"]
[Round "4"]
[White "Ahmed, Sk Nasir"]
[Black "Mohammad, Sagar"]
[Result "1/2-1/2"]
[WhiteElo "2234"]
[BlackElo "2019"]
[PlyCount "85"]
[EventDate "2017.06.03"]
[EventType "swiss"]
[EventRounds "9"]
[EventCountry "BAN"]
[SourceTitle "EXT 2019"]
[Source "ChessBase"]
[SourceDate "2018.10.10"]
[SourceVersion "1"]
[SourceVersionDate "2018.10.10"]
[SourceQuality "1"]

1. c4 Nf6 2. g3 c5 3. Bg2 e6 4. Nf3 d5 5. cxd5 exd5 6. d4 c4 7. 0-0 Be7 8. b3 cxb3 9. Qxb3 0-0 10. Nc3 h6 11. a4 Nc6 12. Rd1 Na5 13. Qa2 Be6 14. Ne5 Rc8 15. Bd2 Nc4 16. Be1 Bb4 17. Nxc4 Rxc4 18. Qb2 Qa5 19. Nb5 Bxe1 20. Rxe1 Rxa4 21. Nc3 Rxa1 22. Rxa1 Qb6 23. Qxb6 axb6 24. Nb5 Rc8 25. Nd6 Rc2 26. Bf3 g5 27. e3 Rb2 28. Nxb7 Ne4 29. Bxe4 dxe4 30. Nd6 f5 31. g4 fxg4 32. Nxe4 b5 33. d5 Bf5 34. Ng3 Rb1+ 35. Rxb1 Bxb1 36. Kf1 Ba2 37. d6 Kf7 38. Ke2 Ke6 39. Nf5 b4 40. Kd2 h5 41. Ng7+ Kxd6 42. Nxh5 Ke5 43. Ng3 1/2-1/2

[Event "BAN-chB 42nd"]
[Site "Dhaka"]
[Date "2016.10.29"]
[Round "10"]
[White "Mohammad, Sagar"]
[Black "Md Shahidul, Islam"]
[Result "1-0"]
[WhiteElo "2010"]
[BlackElo "1816"]
[PlyCount "89"]
[EventDate "2016.10.20"]
[EventType "swiss"]
[EventRounds "11"]
[EventCountry "BAN"]
[SourceTitle "CBM 175 Extra"]
[Source "ChessBase"]
[SourceDate "2016.12.12"]
[SourceVersion "1"]
[SourceVersionDate "2016.12.12"]
[SourceQuality "1"]

1. e4 e5 2. Nf3 Nc6 3. Bc4 Nf6 4. Ng5 d5 5. exd5 Nd4 6. c3 b5 7. cxd4 bxc4 8. dxe5 Nxd5 9. Qa4+ Bd7 10. Qxc4 Qxg5 11. Qxd5 Rd8 12. 0-0 c6 13. Qe4 Be7 14. f4 Qf5 15. Nc3 Bc5+ 16. Kh1 0-0 17. Qf3 Bb6 18. a4 a5 19. Ne4 Be6 20. Nd6 Rxd6 21. exd6 Bd5 22. Qg3 Re8 23. Ra3 Re2 24. Raf3 Bxf3 25. Qxf3 Qe4 26. b3 Qxf3 27. gxf3 Kf8 28. Ba3 Ke8 29. b4 Kd7 30. bxa5 Bxa5 31. d4 h5 32. f5 h4 33. h3 Be1 34. Bc5 Bg3 35. Rb1 Re1+ 36. Rxe1 Bxe1 37. Kg2 Bg3 38. Kf1 Bxd6 39. Bxd6 Kxd6 40. Ke2 Kd5 41. Kd3 c5 42. dxc5 Kxc5 43. Ke4 Kb4 44. Ke5 Kxa4 45. Kd6 1-0

[Event "BAN-chB 42nd"]
[Site "Dhaka"]
[Date "2016.10.22"]
[Round "3"]
[White "Ikramul, Haque Siam"]
[Black "Mohammad, Sagar"]
[Result "1-0"]
[WhiteElo "2202"]
[BlackElo "2010"]
[PlyCount "47"]
[EventDate "2016.10.20"]
[EventType "swiss"]
[EventRounds "11"]
[EventCountry "BAN"]
[SourceTitle "CBM 175 Extra"]
[Source "ChessBase"]
[SourceDate "2016.12.12"]
[SourceVersion "1"]
[SourceVersionDate "2016.12.12"]
[SourceQuality "1"]

1. Nf3 d5 2. d4 c6 3. c4 Nf6 4. e3 Bf5 5. Nc3 e6 6. Nh4 Be4 7. f3 Bg6 8. Qb3 Qc7 9. Bd2 a6 10. cxd5 exd5 11. 0-0-0 Nbd7 12. Nxg6 hxg6 13. e4 dxe4 14. fxe4 Be7 15. Bc4 0-0 16. e5 b5 17. Bd3 Nd5 18. Nxd5 cxd5+ 19. Kb1 Qb7 20. h4 Nb6 21. h5 Nc4 22. hxg6 fxg6 23. Bxg6 Qb6 24. Rh8+ 1-0

[Event "BAN-chB 41st"]
[Site "Dhaka"]
[Date "2015.10.19"]
[Round "5"]
[White "Saiful Islam, Chowdhury"]
[Black "Mohammad, Sagar"]
[Result "0-1"]
[WhiteElo "2162"]
[BlackElo "2002"]
[PlyCount "130"]
[EventDate "2015.10.15"]
[EventType "swiss"]
[EventRounds "11"]
[EventCountry "BAN"]
[SourceTitle "CBM 169 Extra"]
[Source "ChessBase"]
[SourceDate "2015.12.18"]
[SourceVersion "1"]
[SourceVersionDate "2015.12.18"]
[SourceQuality "1"]

1. e4 e5 2. Nf3 Nf6 3. Nxe5 d6 4. Nf3 Nxe4 5. Bd3 Nc5 6. Be2 Be7 7. Nc3 Bf5 8. 0-0 0-0 9. d4 Ne4 10. Nd5 Nf6 11. Nxe7+ Qxe7 12. Re1 Qd8 13. Nh4 Bd7 14. Bd3 Nc6 15. c3 Re8 16. Rxe8+ Nxe8 17. Qh5 Nf6 18. Qf3 Bg4 19. Qg3 Qd7 20. h3 Be6 21. Bh6 Ne8 22. Re1 Ne7 23. Bb1 Ng6 24. Nxg6 hxg6 25. Bg5 d5 26. Qe5 Nd6 27. Qg3 Re8 28. Kh2 Bf5 29. Bxf5 Qxf5 30. Rxe8+ Nxe8 31. Bf4 c6 32. Qe3 Qd7 33. g4 f6 34. Kg2 Kf7 35. f3 g5 36. Bg3 g6 37. b3 Ng7 38. c4 Ne6 39. c5 Qd8 40. b4 b5 41. a3 a5 42. h4 gxh4 43. Bxh4 Qh8 44. Bg3 axb4 45. axb4 Ng5 46. Qe1 Qh3+ 47. Kf2 Qh8 48. Qa1 Qe8 49. Qa7+ Kg8 50. Bd6 Nh3+ 51. Kf1 Ng5 52. Qa3 Ne6 53. Qe3 Kf7 54. f4 Ng7 55. Qa3 Qe4 56. Qa7+ Kg8 57. Qa8+ Kh7 58. Qxc6 Qf3+ 59. Ke1 Qe3+ 60. Kf1 Qd3+ 61. Kg2 Qe2+ 62. Kg3 f5 63. Qxd5 fxg4 64. Qf7 Qf3+ 65. Kh4 Kh6 0-1